00515 2200193 4500001002100000005001500021035002000036245006200056100001900118300002600137260003300163082001200196084001800208020002200226600002200248990001700270990001700287990001700304INLIS00000000000151020260630073654 a0010-06260000211 aEmpat ImamMazhab Yang Mempengaruhi Dunia /cIlham Wahyudi0 aWahyudi, Ilham a196 hlm ;c14 X 21 cm aYogyakarta :bLaksana,c2022 a297.812 a297.812 WAH e a978-623-327-215-5 4aEmpat Imam Mazhab a4909/PP/2026 a4910/PP/2026 a4911/PP/2026